Search the Library Catalogue
| 000 -LEADER | |
|---|---|
| fixed length control field | 01116nam a2200169Ia 4500 |
| 008 - FIXED-LENGTH DATA ELEMENTS--GENERAL INFORMATION | |
| fixed length control field | 250728s9999 xx 000 0 und d |
| 020 ## - INTERNATIONAL STANDARD BOOK NUMBER | |
| ISBN | 9780571201709 |
| 082 ## - DEWEY DECIMAL CLASSIFICATION NUMBER | |
| Classification number | 949.587 |
| Item number | DUR |
| 100 ## - MAIN ENTRY--AUTHOR NAME | |
| Personal name | Durrell, Lawrence |
| 245 #0 - TITLE STATEMENT | |
| Title | Reflections on a Marine Venus |
| 260 ## - PUBLICATION, DISTRIBUTION, ETC. (IMPRINT) | |
| Name of publisher | Faber & Faber Limited |
| Year of publication | 2000 |
| 300 ## - PHYSICAL DESCRIPTION | |
| Number of Pages | 230 pages |
| 500 ## - GENERAL NOTE | |
| General note | In his hugely popular Prospero's Cell, Lawrence Durrell brought Corfu to life, attracting tens of thousands of visitors to the island. With Reflections on a Marine Venus, he turns to Rhodes: ranging over its past and present, touching with wit and insights on the history and myth which the landscape embodies, and presenting some real and some imagined. With the same wit, tenderness and poetic insight that characterized Prospero's Cell, Reflections on a Marine Venus is an excellent introduction the Eastern Mediterranean. 'How pleasant . . . to meet Mr Durrell, gloating over his enjoyment of a Greek island! . . . He excites a longing to leave for Rhodes at once.' Raymond Mortimer |
| 650 ## - SUBJECT ADDED ENTRY--TOPICAL TERM | |
| Topical Term | Rhodes (Greece : Island) |
| 942 ## - ADDED ENTRY ELEMENTS (KOHA) | |
| Koha item type | English Books |
| Withdrawn status | Lost status | Damaged status | Not for loan | Home library | Current library | Shelving location | Date acquired | Full call number | Accession Number | Price effective from | Koha item type |
|---|---|---|---|---|---|---|---|---|---|---|---|
| Anna Centenary Library | Anna Centenary Library | 7TH FLOOR, B WING | 28.07.2025 | 949.587 DUR | 483183 | 28.07.2025 | English Books |